El impresionismo /

Guardado en:
Autor Principal: Francastel, Pierre
Formato: Libro
Publicado: Argentina : Emecé, 1979
Materias:
Etiquetas: Agregar Etiqueta
Sin Etiquetas, Sea el primero en etiquetar este registro!
LEADER 00795nam a22002175a 4500
001 CEM.cems002596
005 19000101000000.0
008 130507s1979##################000#0#####d
003 CEMS
082 0 4 |a 759.91 
100 1 |a Francastel, Pierre 
245 1 0 |a El impresionismo / 
260 |a Argentina :  |b Emecé,  |c 1979 
300 |a 242 p. 
505 0 |a Un siglo sin estilo definido.-Neoclasicismo.-Romanticismo.-Realismo. -Precursores y formaci¢n del impresionismo.-Edouart Manet.-Grupo de Batignolles.-La GrenouillŠre.-Caracteres del impresionismo.-Triunfo del impresionismo.-Claude Monet.- 
653 |a Arte 
653 |a Historia del arte 
653 |a Impresionismo 
653 |a Impresionismo y poesia 
653 |a Simbolismo 
859 |a CEMS  |b BIB. CEMS - 11 de abril  |h 759.91  |i F844  |p 14912.88  |t Ej.1